000 00430nam a22001697a 4500
003 OSt
020 _a9788183876551
082 _a331.3 VAN/SO
_bVAN/SO
100 _aK H Vanajamma
245 _aSocio-Economic Dimensions of Rural women
250 _a1st
260 _aNew Delhi
_bSerials Publications
_c2014
300 _a219
650 _aReview of Literature
700 _aK H Vanajamma
_aG.Sathyanarayana
942 _2ddc
_cBK
999 _c189078
_d189078